La lengua como comunicación y su didáctica en la cultura nacional / (Record no. 112283)

MARC details
000 -LEADER
campo de control de longitud fija 00633nam a2200181 4500
001 - NÚMERO DE CONTROL
campo de control 112283
003 - IDENTIFICADOR DE NÚMERO DE CONTROL
campo de control ES-MaACL
005 - FECHA Y HORA DE LA ÚLTIMA TRANSACCIÓN
campo de control 20250828091404.0
007 - CAMPO FIJO DE DESCRIPCIÓN FÍSICA--INFORMACIÓN GENERAL
campo de control de longitud fija t|
008 - DATOS DE LONGITUD FIJA--INFORMACIÓN GENERAL
campo de control de longitud fija 061121s1975 sp r ||||1| spa d
100 1# - ENTRADA PRINCIPAL--NOMBRE DE PERSONA
Nombre de persona Muñoz Cortés, Manuel.
9 (RLIN) 84379
245 13 - MENCIÓN DEL TÍTULO
Título La lengua como comunicación y su didáctica en la cultura nacional /
Mención de responsabilidad, etc. Manuel Muñoz Cortés.
260 ## - PUBLICACIÓN, DISTRIBUCIÓN, ETC.
Lugar de publicación, distribución, etc. Murcia :
Nombre del editor, distribuidor, etc. Universidad, Instituto de Ciencias de la Educación,
Fecha de publicación, distribución, etc. 1975.
300 ## - DESCRIPCIÓN FÍSICA
Extensión 38 p. ;
Dimensiones 17 cm.
710 2# - ENTRADA AGREGADA--NOMBRE DE ENTIDAD CORPORATIVA
Nombre de entidad corporativa o nombre de jurisdicción como elemento de entrada Universidad de Murcia. Instituto de Ciencias de la Educación
9 (RLIN) 7246
852 ## - LOCALIZACIÓN
Ubicación ES-MaACL
Número de control de estantería 2086-F-35
Sublocalización o colección R.92208
Holdings
Estatus retirado Estado de pérdida Estado de daño No para préstamo Colección Biblioteca de origen Biblioteca actual Ubicación en estantería Fecha de adquisición Fuente de adquisición Total de préstamos Signatura topográfica completa Código de barras Visto por última vez Precio de reemplazo Tipo de ítem Koha
        Colección de folletos Biblioteca del Ateneo de Madrid Biblioteca del Ateneo de Madrid Depósito folletos 17/01/2008     2086-F-35 1117129 23/02/2023 23/02/2023 Folleto